Bilecik Bilecik Bilecik Bilecik Bilecik

Sırâtımüstak̇im: din, felsefe, edebiyat, hukuk ve ulûmdan bâhis haftalık risâleler/ (Record no. 48237)

MARC details
000 -BAŞLIK
Sabit Uzunluktaki Kontrol Alanı 01479nam a22003977a 4500
001 - KONTROL NUMARASI
Control Dosyası 0048397
003 - KONTROL NUMARASI KİMLİĞİ
Kontrol Alanı KOHA_MİRAKIL
005 - EN SON İŞLEM TARİHİ ve ZAMANI
Kontrol Alanı 20260207003616.0
007 - FİZİKSEL TANIM SABİT ALAN - GENEL BİLGİ
Sabit uzunluklu kontrol alanı ta
008 - SABİT UZUNLUKTAKİ VERİ ÖGELERİ - GENEL BİLGİ
Sabit Alan 150526b2012 tu |||gr||||#||||0|tur |
020 ## - ISBN - ULUSLARARASI STANDART KİTAP NUMARASI
Isbn 9786058686014
Nitelik bilgileri (v.1)
020 ## - ISBN - ULUSLARARASI STANDART KİTAP NUMARASI
Isbn 9786058686038
Nitelik bilgileri (v.2)
020 ## - ISBN - ULUSLARARASI STANDART KİTAP NUMARASI
Isbn 9786058686007
Nitelik bilgileri (set)
040 ## - KATALOGLAMA KAYNAĞI
Özgün Kataloglama Kurumu TR-BiSEU
Kataloglama Dili tur
Çeviri Kurumu TR-BiSEU
Açıklama Kuralları rda
041 0# - DİL KODU
Metin ya da ses kaydının dil kodu tur
044 ## - YAYINLAYAN/ÜRETEN KURULUŞUN ÜLKE KODU
ISO country code tu
050 ## - SINIFLAMA ve YER NUMARASI
Sınıflama Numarası BP1
Yer Numarası .S57 2012
245 0# - ESER ADI BİLDİRİMİ
Başlık Sırâtımüstak̇im: din, felsefe, edebiyat, hukuk ve ulûmdan bâhis haftalık risâleler/
Sorumluluk Bildirimi Çeviri-yazı neşri ve proje yürütücüsü M. Ertuğrul Düzdağ; Editör Mustafa İsmet Uzun.
264 #1 - ÜRERİM, YAYIN, DAĞITIM ve TELİF BİLDİRİMİ
Yayın yeri İstanbul :
Yayınlayan Bağcılar Belediye Başkanlığı
Yayın tarihi 2012
300 ## - FİZİKSEL TANIMLAMA
Sayfa, Cilt vb. 4 c.: facsims ;
Boyutları 33 cm. +
Birlikteki Materyal 1 CD-ROM (4 3/4 in.)
336 ## - İÇERİK TÜRÜ
Content type term metin
Content type code txt
Source rdacontent
337 ## - MEDYA TÜRÜ
Media type term aracısız
Media type code n
Source rdamedia
338 ## - TAŞIYICI TÜRÜ
Carrier type term cilt
Carrier type code nc
Source rdacarrier
490 0# - DİZİ BİLDİRİMİ
Dizi Bildirimi Sırâtımüstakim - Sebîlürreşâd Külliyâtı Neşri.
490 0# - DİZİ BİLDİRİMİ
Dizi Bildirimi Kültür Yayınları Dizisi No.
490 0# - DİZİ BİLDİRİMİ
Dizi Bildirimi 218
500 ## - GENEL NOT
Genel Not Volume 1: second edition, 2013.
500 ## - GENEL NOT
Genel Not CD-ROM 1: cild 1, sayı 1-26.
650 #0 - KONU BAŞLIĞI EK GİRİŞ - KONU TERİMİ
Konusal terim veya coğrafi ad Sırat-ı müstakim--Indexes.
9 (RLIN) 88853
650 #0 - KONU BAŞLIĞI EK GİRİŞ - KONU TERİMİ
Konusal terim veya coğrafi ad Islamic renewal--Periodicals--Indexes.
9 (RLIN) 88854
650 #0 - KONU BAŞLIĞI EK GİRİŞ - KONU TERİMİ
Konusal terim veya coğrafi ad Islam--Periodicals--Indexes.
9 (RLIN) 88855
830 0# - SERİ EK GİRİŞİ - TEKBİÇİM ESER ADI
Tekbiçim Başlık Sırâtımüstakim - Sebîlürreşâd Külliyâtı Neşri.
9 (RLIN) 88856
830 0# - SERİ EK GİRİŞİ - TEKBİÇİM ESER ADI
Tekbiçim Başlık Kültür Yayınları Dizisi No.
9 (RLIN) 88857
830 0# - SERİ EK GİRİŞİ - TEKBİÇİM ESER ADI
Tekbiçim Başlık 218
9 (RLIN) 10640
942 ## - EK GİRİŞ ÖGELERİ (KOHA)
Source of classification or shelving scheme Library of Congress Classification
Koha item type Book
Holdings
Materyal Türü Kalıcı Konum Mevcut Konum Raf Yeri Sınıflandırma Kaynağı Edinim Bilgisi Ana Konular Alt Konular Yer Numarası Demirbaş Numarası Fatura Tarihi Geri Çekilme Durumu Kayıp Durumu Hasarlı Durumu Kredi için değil Kayıt Tarih Toplam Ödünçverme Son Görülme Tarihi Son Kontrol Tarihi Genel / Bağış Notu
Book Prof. Dr. Azmi Özcan Kütüphanesi Prof. Dr. Azmi Özcan Kütüphanesi Uluğbey Salonu Library of Congress Classification Bağış FELSEFE, PSİKOLOJİ, DİN İslam, Bahailik, Teozofi vb. BP1 .S57 2012 0048397 02/02/2026         26/05/2015   05/12/2024 05/12/2024 Salahi Çiloğlu
Book Prof. Dr. Azmi Özcan Kütüphanesi Prof. Dr. Azmi Özcan Kütüphanesi Uluğbey Salonu Library of Congress Classification Bağış FELSEFE, PSİKOLOJİ, DİN İslam, Bahailik, Teozofi vb. BP1 .S57 2012 0048398 02/02/2026         26/05/2015   05/12/2024 05/12/2024 Salahi Çiloğlu
Book Prof. Dr. Azmi Özcan Kütüphanesi Prof. Dr. Azmi Özcan Kütüphanesi Uluğbey Salonu Library of Congress Classification Bağış FELSEFE, PSİKOLOJİ, DİN İslam, Bahailik, Teozofi vb. BP1 .S57 2012 0048399 02/02/2026         26/05/2015   05/12/2024 05/12/2024 Salahi Çiloğlu
Book Prof. Dr. Azmi Özcan Kütüphanesi Prof. Dr. Azmi Özcan Kütüphanesi Uluğbey Salonu Library of Congress Classification Bağış FELSEFE, PSİKOLOJİ, DİN İslam, Bahailik, Teozofi vb. BP1 .S57 2012 0048400 02/02/2026         26/05/2015   05/12/2024 05/12/2024 Salahi Çiloğlu